[Event "Titled Tuesday intern op 13th Feb Early"]
[Site "Chess.com INT"]
[Date "2024.02.13"]
[Round "3"]
[White "Teterev, Vitaly"]
[Black "Harutjunyan, Gevorg"]
[Result "0-1"]
[WhiteElo "2257"]
[BlackElo "2358"]
[PlyCount "70"]
[EventDate "2024.02.13"]
[EventType "swiss (blitz)"]
[EventRounds "11"]
[EventCountry "USA"]
[SourceTitle "CB08_2024"]
[SourceDate "2024.02.21"]
[SourceVersion "1"]
[SourceVersionDate "2024.02.21"]
[SourceQuality "1"]

1. e4 c5 2. Nf3 Nf6 3. e5 Nd5 4. Nc3 e6 5. Nxd5 exd5 6. d4 Nc6 7. Bd3 d6 8. exd6 c4 9. Qe2+ Be6 10. Bf5 Qxd6 11. 0-0 Be7 12. Bxe6 Qxe6 13. Qxe6 fxe6 14. Bf4 0-0 15. Be5 Rf5 16. Rfe1 Raf8 17. Re2 g5 18. h3 h5 19. Rd1 g4 20. hxg4 hxg4 21. Nh2 Nxe5 22. dxe5 g3 23. fxg3 Bc5+ 24. Kh1 Rf2 25. Rde1 b5 26. g4 R8f7 27. c3 b4 28. g3 a5 29. g5 Rh7 30. Rxf2 Bxf2 31. Re2 Bxg3 32. Kg1 Rxh2 33. Rxh2 Bxh2+ 34. Kxh2 bxc3 35. bxc3 d4 0-1

[Event "Titled Tuesday intern op 19th Dec Early"]
[Site "Chess.com INT"]
[Date "2023.12.19"]
[Round "9"]
[White "Harutjunyan, Gevorg"]
[Black "Vlassov, Nikolai"]
[Result "1-0"]
[WhiteElo "2358"]
[BlackElo "2299"]
[PlyCount "57"]
[EventDate "2023.12.19"]
[EventType "swiss (blitz)"]
[EventRounds "11"]
[EventCountry "USA"]
[SourceTitle "CB52_2023"]
[SourceDate "2023.12.27"]
[SourceVersion "1"]
[SourceVersionDate "2023.12.27"]
[SourceQuality "1"]

1. e4 Nc6 2. Nf3 d5 3. exd5 Qxd5 4. Nc3 Qa5 5. Bb5 Bd7 6. d4 a6 7. Bc4 0-0-0 8. d5 Bg4 9. h3 Bxf3 10. Qxf3 Nb4 11. 0-0 Nf6 12. Bd2 Nbxd5 13. Nxd5 Qxd2 14. Rad1 Qg5 15. Nb6+ cxb6 16. Rxd8+ Kxd8 17. Qxb7 Qd2 18. Qxb6+ Kd7 19. Qb7+ Kd8 20. Bxa6 e6 21. Qb6+ Ke7 22. c4 Nd7 23. Qb7 Kf6 24. Qf3+ Ke7 25. Rd1 Qa5 26. Qc6 Ne5 27. Qd6+ Kf6 28. Qd8+ Kg6 29. Qxa5 1-0

[Event "Titled Tuesday intern op 19th Dec Early"]
[Site "Chess.com INT"]
[Date "2023.12.19"]
[Round "10"]
[White "Krzyzanowski, Marcin"]
[Black "Harutjunyan, Gevorg"]
[Result "1-0"]
[WhiteElo "2512"]
[BlackElo "2358"]
[PlyCount "111"]
[EventDate "2023.12.19"]
[EventType "swiss (blitz)"]
[EventRounds "11"]
[EventCountry "USA"]
[SourceTitle "CB52_2023"]
[SourceDate "2023.12.27"]
[SourceVersion "1"]
[SourceVersionDate "2023.12.27"]
[SourceQuality "1"]

1. e4 c6 2. d4 d5 3. e5 Bf5 4. c4 e6 5. Nc3 Bb4 6. cxd5 cxd5 7. h4 h6 8. g4 Be4 9. f3 Bh7 10. h5 Nc6 11. Bd3 Bxd3 12. Qxd3 Nge7 13. Nge2 Rc8 14. Bd2 Ba5 15. a3 Bxc3 16. Bxc3 a6 17. f4 Na5 18. f5 Qb6 19. Rf1 Nc4 20. fxe6 Qxe6 21. Qf3 0-0 22. Nf4 Qb6 23. Rf2 Qc6 24. Kf1 f6 25. e6 Nd6 26. Bb4 a5 27. Bxd6 Qxd6 28. Re1 Rc4 29. Qe3 f5 30. Ng6 Nxg6 31. hxg6 f4 32. e7 Re8 33. Rxf4 Qxg6 34. Qf3 Kh7 35. Rf8 Rcc8 36. Re2 Qg5 37. Kg2 h5 38. Kg3 Qxg4+ 39. Qxg4 hxg4 40. Rh2+ Kg6 41. Rhh8 Rxe7 42. Rxc8 Re3+ 43. Kxg4 Re4+ 44. Kf3 Rxd4 45. Rc7 Rd3+ 46. Ke2 Rb3 47. Rc2 d4 48. Rd8 Rg3 49. Rxd4 Rg2+ 50. Kd3 Rg3+ 51. Kc4 Rg5 52. Rd5 Rg4+ 53. Kb5 a4 54. Kb6 Rg5 55. Rxg5+ Kxg5 56. Kxb7 1-0

[Event "Tsaghkadzor op"]
[Site "Tsaghkadzor"]
[Date "2023.09.21"]
[Round "2"]
[White "Harutjunyan, Gevorg"]
[Black "Dragnev, Valentin"]
[Result "0-1"]
[WhiteElo "2374"]
[BlackElo "2585"]
[PlyCount "112"]
[EventDate "2023.09.20"]
[EventType "swiss"]
[EventRounds "9"]
[EventCountry "ARM"]
[SourceTitle "EXT 2024"]
[Source "ChessBase"]
[SourceDate "2023.10.10"]
[SourceVersion "1"]
[SourceVersionDate "2023.10.10"]
[SourceQuality "1"]

1. e4 d5 2. exd5 Qxd5 3. Nc3 Qd8 4. d4 Nf6 5. Nf3 g6 6. Bg5 Bg7 7. Qd2 c6 8. Bc4 b5 9. Bb3 0-0 10. 0-0 a5 11. a3 Bb7 12. Rfe1 Nbd7 13. Qf4 Nb6 14. Qh4 a4 15. Ba2 Nbd5 16. Bxd5 cxd5 17. Ne5 Re8 18. Qf4 Qd6 19. Re3 b4 20. axb4 Qxb4 21. g4 Qxb2 22. Rb1 Qxc2 23. Rxb7 a3 24. Bxf6 Bxf6 25. Nxd5 Qc1+ 26. Kg2 Bxe5 27. Qxe5 Qc6 28. Rc7 Qe6 29. Rc1 a2 30. Ra1 Qxg4+ 31. Rg3 Qd7 32. Nc7 f6 33. Qd5+ Qxd5+ 34. Nxd5 Reb8 35. Nc3 Rb2 36. Re3 Rc2 37. Kf3 Kf7 38. Nb5 Rb2 39. Nc3 Ra5 40. d5 Rc2 41. h3 g5 42. Kg2 h5 43. Rf3 Kg6 44. Nd1 Rd2 45. Ne3 Ra4 46. Nf5 Re4 47. Ng3 Rb4 48. Nf1 Rc2 49. Ne3 Re2 50. d6 e6 51. Nf1 Ra4 52. Rd3 Rf4 53. Rf3 Rf5 54. Rd3 Rfxf2+ 55. Kg1 Rf4 56. Nd2 Ref2 0-1

[Event "Titled Tuesday intern op 13th Jun Early"]
[Site "Chess.com INT"]
[Date "2023.06.13"]
[Round "8"]
[White "Arat, Ufuk Sezen"]
[Black "Harutjunyan, Gevorg"]
[Result "1-0"]
[WhiteElo "2389"]
[BlackElo "2347"]
[PlyCount "149"]
[EventDate "2023.06.13"]
[EventType "swiss (blitz)"]
[EventRounds "11"]
[EventCountry "USA"]
[SourceTitle "EXT 2024"]
[Source "ChessBase"]
[SourceDate "2023.10.10"]
[SourceVersion "1"]
[SourceVersionDate "2023.10.10"]
[SourceQuality "1"]

1. e4 c6 2. d4 d5 3. e5 Bf5 4. h4 h6 5. Bd3 Bxd3 6. Qxd3 e6 7. g4 h5 8. gxh5 Rxh5 9. Bg5 Be7 10. Nf3 Na6 11. Nbd2 Qa5 12. Rg1 g6 13. a3 c5 14. dxc5 Nxc5 15. Qe3 Ne4 16. 0-0-0 Nxg5 17. hxg5 0-0-0 18. Nb3 Qb6 19. Nfd4 Bf8 20. f4 Ne7 21. Rd3 Kb8 22. Kb1 Rc8 23. Rgd1 Rc4 24. Rc3 Rh2 25. Rxc4 dxc4 26. Nc1 Nd5 27. Qg3 c3 28. Ncb3 Rh8 29. Qd3 a6 30. Ka2 cxb2 31. Kxb2 Be7 32. c4 Nxf4 33. Qg3 Nh5 34. Qf3 Qc7 35. c5 Bxg5 36. c6 b6 37. Qe2 Ka7 38. Nb5+ axb5 39. Rd7 Rc8 40. Rxc7+ Rxc7 41. Qxb5 Bf4 42. a4 Ng3 43. a5 Be3 44. Qa4 Kb8 45. axb6 Bxb6 46. Qb5 Ka7 47. Nd2 Ne2 48. Qxe2 Rxc6 49. Nc4 Bd4+ 50. Ka3 Bc5+ 51. Ka4 Bd4 52. Kb5 Rc5+ 53. Kb4 Rd5 54. Qa2+ Kb7 55. Nd6+ Kb6 56. Qa8 Bc5+ 57. Ka4 Rd4+ 58. Kb3 Bxd6 59. exd6 Rxd6 60. Qf8 Rd7 61. Kc4 Kc6 62. Qe8 Kd6 63. Kd4 f5 64. Qf8+ Kc6+ 65. Ke5 Rd5+ 66. Kxe6 Rc5 67. Qb8 Rb5 68. Qc8+ Kb6 69. Kd6 f4 70. Qc7+ Ka6 71. Kc6 Rb1 72. Qc8+ Ka7 73. Qd7+ Ka6 74. Qd3+ Ka7 75. Qxb1 1-0

[Event "Titled Tuesday intern op 13th Jun Early"]
[Site "Chess.com INT"]
[Date "2023.06.13"]
[Round "4"]
[White "Deac, Bogdan Daniel"]
[Black "Harutjunyan, Gevorg"]
[Result "1-0"]
[WhiteElo "2693"]
[BlackElo "2347"]
[PlyCount "83"]
[EventDate "2023.06.13"]
[EventType "swiss (blitz)"]
[EventRounds "11"]
[EventCountry "USA"]
[SourceTitle "EXT 2024"]
[Source "ChessBase"]
[SourceDate "2023.10.10"]
[SourceVersion "1"]
[SourceVersionDate "2023.10.10"]
[SourceQuality "1"]

1. b3 e5 2. Bb2 Nc6 3. Nf3 e4 4. Nd4 Nf6 5. e3 d5 6. c4 Nxd4 7. Bxd4 Be7 8. Nc3 dxc4 9. Bxc4 0-0 10. 0-0 c5 11. Be5 Bf5 12. f3 Bg6 13. f4 Qd7 14. Bb5 Qe6 15. Bc4 Qd7 16. a4 Rad8 17. Qe1 a6 18. h3 Qxd2 19. Qxd2 Rxd2 20. f5 Bh5 21. Bxf6 Bxf6 22. Nxe4 Bxa1 23. Nxd2 Bf6 24. g4 Bg5 25. Ne4 Bxe3+ 26. Kg2 Re8 27. Kf3 Bxg4+ 28. hxg4 Bd4 29. Bxf7+ Kxf7 30. Nd6+ Ke7 31. Nxe8 Kxe8 32. Ke4 Ke7 33. g5 b5 34. axb5 axb5 35. b4 Kf7 36. Kd5 Be3 37. bxc5 Bxg5 38. c6 Bd8 39. Rb1 Kf6 40. Rxb5 h5 41. Kd6 h4 42. Kd7 1-0

[Event "Titled Tuesday intern op 13th Jun Early"]
[Site "Chess.com INT"]
[Date "2023.06.13"]
[Round "5"]
[White "Harutjunyan, Gevorg"]
[Black "Dyachuk, Artem"]
[Result "1-0"]
[WhiteElo "2347"]
[BlackElo "2312"]
[PlyCount "75"]
[EventDate "2023.06.13"]
[EventType "swiss (blitz)"]
[EventRounds "11"]
[EventCountry "USA"]
[SourceTitle "EXT 2024"]
[Source "ChessBase"]
[SourceDate "2023.10.10"]
[SourceVersion "1"]
[SourceVersionDate "2023.10.10"]
[SourceQuality "1"]

1. e4 c5 2. Nf3 Nc6 3. Bb5 g6 4. 0-0 Bg7 5. c3 a6 6. Ba4 b5 7. Bc2 Bb7 8. Re1 Nf6 9. a4 0-0 10. Na3 d5 11. e5 Nd7 12. d4 cxd4 13. cxd4 b4 14. Nb1 Rc8 15. Nbd2 Qc7 16. Bd3 Na5 17. Nf1 Nb6 18. h4 Qd7 19. e6 fxe6 20. N1h2 Nc6 21. Ng4 Nxd4 22. Nfe5 Qe8 23. Be3 Nf5 24. Bxb6 h5 25. Nh2 Nxh4 26. Bd4 Nf5 27. Bxf5 Rxf5 28. Nef3 Qf7 29. Qe2 Rc6 30. Bxg7 Qxg7 31. Rad1 e5 32. Rxd5 Rd6 33. Rxe5 Rxe5 34. Nxe5 Rf6 35. Qc4+ Kh7 36. Nhf3 e6 37. Ng5+ Kh6 38. Qc1 1-0

[Event "Titled Tuesday intern op 13th Jun Early"]
[Site "Chess.com INT"]
[Date "2023.06.13"]
[Round "3"]
[White "Harutjunyan, Gevorg"]
[Black "Kochiev, Ivan"]
[Result "1-0"]
[WhiteElo "2347"]
[BlackElo "2053"]
[PlyCount "71"]
[EventDate "2023.06.13"]
[EventType "swiss (blitz)"]
[EventRounds "11"]
[EventCountry "USA"]
[SourceTitle "EXT 2024"]
[Source "ChessBase"]
[SourceDate "2023.10.10"]
[SourceVersion "1"]
[SourceVersionDate "2023.10.10"]
[SourceQuality "1"]

1. e4 c5 2. Nf3 d6 3. d4 cxd4 4. Nxd4 Nf6 5. Nc3 Nc6 6. Bg5 e6 7. Bb5 Bd7 8. Bxc6 bxc6 9. Qf3 e5 10. Nf5 Bxf5 11. Qxf5 Be7 12. 0-0-0 Rb8 13. Rd3 h6 14. Bh4 Qb6 15. b3 g6 16. Qf3 g5 17. Bg3 Nd7 18. Rhd1 Qa6 19. Kb1 Qa3 20. Qf5 Nc5 21. Rf3 Rf8 22. Qh3 a5 23. Qxh6 a4 24. Ne2 axb3 25. cxb3 Nxe4 26. Bxe5 g4 27. Bb2 Qa6 28. Re3 f5 29. Qg6+ Kd7 30. Nd4 Kc7 31. Ne6+ Kb7 32. Nxf8 Rxf8 33. Qh7 Re8 34. Qxf5 Ra8 35. Qxe4 Qxa2+ 36. Kc2 1-0

[Event "Cheliabinsk Lozovatsky Memorial-A"]
[Site "Cheliabinsk"]
[Date "2023.02.04"]
[Round "9"]
[White "Lisenkov, Svyatoslav"]
[Black "Harutjunyan, Gevorg"]
[Result "1/2-1/2"]
[WhiteElo "2199"]
[BlackElo "2380"]
[PlyCount "65"]
[EventDate "2023.01.27"]
[EventType "swiss"]
[EventRounds "10"]
[EventCountry "RUS"]
[SourceTitle "CBM 212 Extra"]
[Source "ChessBase"]
[SourceDate "2023.03.31"]
[SourceVersion "1"]
[SourceVersionDate "2023.03.31"]
[SourceQuality "1"]

1. e4 c6 2. d4 d5 3. e5 Bf5 4. h4 h6 5. c3 e6 6. g4 Be4 7. f3 Bh7 8. h5 c5 9. Bd3 Bxd3 10. Qxd3 Qc7 11. Ne2 Nc6 12. a3 Nge7 13. Nd2 Nc8 14. f4 Nb6 15. f5 0-0-0 16. Nf3 Re8 17. Bf4 Qd7 18. 0-0 Rg8 19. Kh2 f6 20. Ng3 fxe5 21. Nxe5 Nxe5 22. Bxe5 Nc4 23. Rae1 Nxb2 24. Qb1 Nc4 25. fxe6 Qxe6 26. Bd6 Ne3 27. Rxe3 Qxe3 28. Qf5+ Qe6 29. Qxe6+ Rxe6 30. Bxf8 cxd4 31. cxd4 Kd7 32. Bb4 g6 33. Kh3 1/2-1/2

[Event "Cheliabinsk Lozovatsky Memorial-A"]
[Site "Cheliabinsk"]
[Date "2023.02.01"]
[Round "6"]
[White "Harutjunyan, Gevorg"]
[Black "Kurchenko, Egor"]
[Result "1-0"]
[WhiteElo "2380"]
[BlackElo "2123"]
[PlyCount "69"]
[EventDate "2023.01.27"]
[EventType "swiss"]
[EventRounds "10"]
[EventCountry "RUS"]
[SourceTitle "CBM 212 Extra"]
[Source "ChessBase"]
[SourceDate "2023.03.31"]
[SourceVersion "1"]
[SourceVersionDate "2023.03.31"]
[SourceQuality "1"]

1. Nf3 d5 2. g3 Nf6 3. Bg2 Bf5 4. c4 c6 5. cxd5 cxd5 6. Qb3 Qc7 7. Nc3 e6 8. d3 Nc6 9. Bf4 Qd7 10. 0-0 Be7 11. Ne5 Nxe5 12. Bxe5 0-0 13. e4 dxe4 14. dxe4 Bg6 15. Rfd1 Qc6 16. Rac1 Qb6 17. Qxb6 axb6 18. Bd6 Bxd6 19. Rxd6 Rfc8 20. Rcd1 e5 21. Rxb6 Rc7 22. Rb5 Re8 23. f3 Kf8 24. Rd6 Nd7 25. Bh3 Nb8 26. Rdb6 Ree7 27. Nd5 Rc1+ 28. Bf1 Re8 29. Rxb7 Nc6 30. Rc7 Rc2 31. Ne3 Rc1 32. Rb6 Re6 33. b4 Nd8 34. Rxc1 Rxb6 35. Rc8 1-0

[Event "Cheliabinsk Lozovatsky Memorial-A"]
[Site "Cheliabinsk"]
[Date "2023.01.29"]
[Round "3"]
[White "Asylov, Miras"]
[Black "Harutjunyan, Gevorg"]
[Result "1/2-1/2"]
[WhiteElo "2163"]
[BlackElo "2380"]
[PlyCount "63"]
[EventDate "2023.01.27"]
[EventType "swiss"]
[EventRounds "10"]
[EventCountry "RUS"]
[SourceTitle "CBM 212 Extra"]
[Source "ChessBase"]
[SourceDate "2023.03.31"]
[SourceVersion "1"]
[SourceVersionDate "2023.03.31"]
[SourceQuality "1"]

1. e4 c6 2. d4 d5 3. Nc3 dxe4 4. Nxe4 Bf5 5. Ng3 Bg6 6. h4 h6 7. Nf3 Nd7 8. Bd3 Bxd3 9. Qxd3 e6 10. Bf4 Qa5+ 11. Bd2 Bb4 12. Ne4 Ngf6 13. Nd6+ Ke7 14. Nxb7 Bxd2+ 15. Nxd2 Qb4 16. Qb3 Qxd4 17. 0-0-0 Rhc8 18. Nc4 Qf4+ 19. Kb1 Rab8 20. Qa3+ c5 21. Nbd6 Rc7 22. g3 Qg4 23. f3 Qg6 24. g4 Nd5 25. Rhe1 Kf8 26. Qa5 N5b6 27. Nb5 Kg8 28. Nxb6 axb6 29. Qd2 Rcb7 30. Nd6 Ra7 31. Nb5 Rab7 32. Nd6 1/2-1/2

[Event "Yerevan op-A 4th"]
[Site "Yerevan"]
[Date "2022.10.13"]
[Round "4"]
[White "Harutjunyan, Gevorg"]
[Black "Mosadeghpour, Masoud"]
[Result "1/2-1/2"]
[WhiteElo "2387"]
[BlackElo "2488"]
[PlyCount "88"]
[EventDate "2022.10.10"]
[EventType "swiss"]
[EventRounds "9"]
[EventCountry "ARM"]
[SourceTitle "CBM 210 Extra"]
[Source "ChessBase"]
[SourceDate "2022.11.30"]
[SourceVersion "1"]
[SourceVersionDate "2022.11.30"]
[SourceQuality "1"]

1. e4 c5 2. Nf3 d6 3. Bb5+ Nd7 4. Ba4 Ngf6 5. 0-0 g6 6. Re1 Bg7 7. c4 Ng4 8. h3 Nge5 9. Nxe5 Bxe5 10. Nc3 0-0 11. d3 f5 12. exf5 Rxf5 13. Be3 Qf8 14. d4 cxd4 15. Bxd4 Bxd4 16. Qxd4 Ne5 17. Nd5 Rg5 18. Qe3 Nf3+ 19. Kh1 Nxe1 20. Nxe7+ Kg7 21. Qxg5 Nd3 22. Qe3 Nxb2 23. Bb3 Bf5 24. g4 Bd3 25. g5 h6 26. c5 hxg5 27. cxd6 Qf4 28. Qxf4 gxf4 29. Rc1 Rd8 30. Rc7 Kf6 31. Nd5+ Ke5 32. f3 g5 33. Rxb7 Rxd6 34. Rg7 Rg6 35. Rxa7 Rh6 36. Kg2 Bf5 37. Ra5 Bxh3+ 38. Kg1 Kd4 39. Ne7 Ke3 40. Rxg5 Kxf3 41. Bd5+ Ke3 42. Re5+ Kd2 43. Bf3 Re6 44. Rxe6 Bxe6 1/2-1/2

[Event "Cheliabinsk Panchenko Memorial op-A"]
[Site "Cheliabinsk"]
[Date "2022.09.18"]
[Round "7"]
[White "Harutjunyan, Gevorg"]
[Black "Koshulyan, Egor A"]
[Result "1-0"]
[WhiteElo "2404"]
[BlackElo "2002"]
[PlyCount "93"]
[EventDate "2022.09.12"]
[EventType "swiss"]
[EventRounds "10"]
[EventCountry "RUS"]
[SourceTitle "CBM 210 Extra"]
[Source "ChessBase"]
[SourceDate "2022.11.30"]
[SourceVersion "1"]
[SourceVersionDate "2022.11.30"]
[SourceQuality "1"]

1. e4 c5 2. Nf3 Nc6 3. Nc3 Nf6 4. Bb5 Nd4 5. e5 Nxb5 6. Nxb5 a6 7. Nc3 Ng8 8. d4 d5 9. dxc5 e6 10. Be3 Bd7 11. 0-0 Rc8 12. Nd4 Bxc5 13. Qg4 Ne7 14. Qxg7 Ng6 15. Qh6 Qh4 16. Qxh4 Nxh4 17. Nce2 Bxd4 18. Nxd4 Nf5 19. c3 Nxd4 20. Bxd4 Bb5 21. Rfe1 Kd7 22. Re3 Rhg8 23. Rh3 Rg7 24. Re1 Rcg8 25. g3 Bd3 26. f3 Rh8 27. Rh6 Rg6 28. Rh4 h5 29. Kf2 Rgg8 30. Be3 Bb5 31. Rd1 Bc6 32. Rdd4 Ke7 33. Rdf4 Bb5 34. Rf6 Bd3 35. Bc5+ Ke8 36. Ke3 Bb5 37. Kd4 Rh7 38. Rhf4 Rgh8 39. Bd6 Bc6 40. Kc5 Rg8 41. Kb6 Rgh8 42. a4 h4 43. g4 h3 44. Ka5 d4 45. Rxd4 Rh6 46. Bc7 Ke7 47. Rxh6 1-0